00333nam a2200133 a 4500008004100000020001500041050001600056100001300072245003000085246002500115260002800140300002200168350000900190120416s0000 ||||||||||||||||| || u a0340584866 aTK 7874 Dit aDitch, W10aMicroelectronic systems 1 aa practical approach aLondonbE. Arnoldc1994 avii, 248p. : ill. a0.00